Дело о взыскании денег с бутафора Виноградова за потерянные вещи

Доступно только в Электронных читальных залах Найти на картеНа карте
RUSMARC
00004071nmc2a22000003x 450
0014440461c-31bf-4167-a257-b1b5fc09f1ba
00520181126173213.0
100##$a20161226l18221822k l0rusy0189 ca
1010#$arus
102##$aRU
2001#$aДело о взыскании денег с бутафора Виноградова за потерянные вещи
$j28 сентября 1822 г.
251##$cДело
300##$aДело
300##$aОриг. заголовок дела: Дело по предложению в должности директора театральных зрелищ о покупке пропавших бутафорских вещей на счет главного бутафора Виноградова. 28 сентября 1822 г
801#0$aRU
$bРГИА
$c20161226
$gRCR
801#1$aRU
$bГлавНИВЦ
$c20161226
$2rusmarc
801#2$aRU
$bПБ им. Б.Н. Ельцина
$c20181126
$gRCR
$2rusmarc
850##$aРГИА
852##$aРГИА
$eФедеральное казенное учреждение "Российский государственный исторический архив" (РГИА)
$j2279
937##$hРГИА
$d12236526
$aASBIBLIO_SCAN
462#0$1001dd3991dc-24e1-42ec-8838-ca4255420416
$12001
$a1746-1850 гг.
$1251
$cОпись
$1852
$j1
461#0$10019264ebf8-de62-4f1a-9eb4-9f22098dbbd5
$12001
$aДирекция императорских театров МИДв
$1251
$cФонд
$1852
$j497
215##$a4 л.
$d36,5х26 см
371##$aДокумент не является опубликованным и широко распространяемым
105##$ay###
1220#$ad
5171#$aДело по предложению в должности директора театральных зрелищ о покупке пропавших бутафорских вещей на счет главного бутафора Виноградова. 28 сентября 1822 г
035##$a4440461c-31bf-4167-a257-b1b5fc09f1ba
856##$uhttp://readingroom.main.prlib.ru/item.aspx?id_node=n120992026&mode=full
Формат отображения